000
00308nam a22001337a 4500
008
170911b xxu||||| |||| 00| 0 eng d
020
_a
9780073377018
041
_a
eng
080
_a
52
100
_a
42
101
_a
AST
245
_a
MANAGEMENT A REAL WORLD APPROACH
_c
GHILLYER.A.W
942
_2
udc
_c
BK
999
_c
27055
_d
27055